Welcome to CU Library Online Public Access Catalogue (OPAC)

Conservation biology : (Record no. 1983)

MARC details
000 -LEADER
fixed length control field 00744cam a22002054a 4500
001 - CONTROL NUMBER
control field 12754390
005 - DATE AND TIME OF LATEST TRANSACTION
control field 20241209110036.0
008 - FIXED-LENGTH DATA ELEMENTS--GENERAL INFORMATION
fixed length control field 020425s2003 mauab b 001 0 eng
020 ## - INTERNATIONAL STANDARD BOOK NUMBER
International Standard Book Number 9780072397703
050 00 - LIBRARY OF CONGRESS CALL NUMBER
Classification number QH75
Item number .V37 2003
082 00 - DEWEY DECIMAL CLASSIFICATION NUMBER
Classification number 333.95/16
Edition information 21
100 1# - MAIN ENTRY--PERSONAL NAME
Personal name Dyke, Fred Van
Dates associated with a name 1954-
245 10 - TITLE STATEMENT
Title Conservation biology :
Remainder of title foundations, concepts, applications /
Statement of responsibility, etc. Fred Van Dyke.
260 ## - PUBLICATION, DISTRIBUTION, ETC.
Place of publication, distribution, etc. Boston :
Name of publisher, distributor, etc. McGraw-Hill,
Date of publication, distribution, etc. c2003.
300 ## - PHYSICAL DESCRIPTION
Extent xvii, 413 p. :
Other physical details ill. (some col.), maps ;
Dimensions 28 cm.
650 #0 - SUBJECT ADDED ENTRY--TOPICAL TERM
Topical term or geographic name entry element Conservation biology.
856 42 - ELECTRONIC LOCATION AND ACCESS
Materials specified Publisher description
Uniform Resource Identifier <a href="http://www.loc.gov/catdir/description/mh024/2002070880.html">http://www.loc.gov/catdir/description/mh024/2002070880.html</a>
856 41 - ELECTRONIC LOCATION AND ACCESS
Materials specified Table of contents
Uniform Resource Identifier <a href="http://www.loc.gov/catdir/toc/mh023/2002070880.html">http://www.loc.gov/catdir/toc/mh023/2002070880.html</a>
942 ## - ADDED ENTRY ELEMENTS (KOHA)
Source of classification or shelving scheme Library of Congress Classification
Koha item type Books
Suppress in OPAC No
999 ## -
-- 1983
-- 1983
Holdings
Withdrawn status Lost status Source of classification or shelving scheme Damaged status Not for loan Collection Home library Current library Shelving location Date acquired Total checkouts Full call number Barcode Date last seen Copy number Price effective from Koha item type
    Library of Congress Classification     Non-fiction Science Library (Miotso) Science Library (Miotso) General stacks 12/09/2024   QH75 .V37 DYK SLM00001166 12/09/2024 1 12/09/2024 Books
    Library of Congress Classification     Non-fiction Science Library (Miotso) Science Library (Miotso) General stacks 12/09/2024   QH75 .V37 DYK SLM00001167 12/09/2024 2 12/09/2024 Books
    Library of Congress Classification     Non-fiction Science Library (Miotso) Science Library (Miotso) General stacks 12/09/2024   QH75 .V37 DYK SLM00001168 12/09/2024 3 12/09/2024 Books
© 2023-2024 Copyright: Central University Libraries. All Rights Reserved | Created by: Mahone Tech Office